000
00256nam a22000857a 4500
008
160706b xxu||||| |||| 00| 0 eng d
100
_9
2380
_a
Verma. et.al
245
_a
Upkar's Ever Latest General Knowledge
_b
Current Affairs Who's who
260
_a
Agra
_b
Upkar
_c
2013
999
_c
2057
_d
2057